000 00393nam a22001217a 4500
040 _cHS
082 _a577
100 _aវន មុនិន្ទ
245 _aវគ្គីករសាស្ត្រ អេកូឡូស៊ី និងស្ថេរភាពនៃអនុផលព្រៃឈើ
260 _aNA
_bវន មុនិន្ធ
_c2010
300 _a116p;
942 _cKB
999 _c9271
_d9271